Expository outlines on the whole Bible; vol. 14. (Record no. 15542)

000 -LEADER
fixed length control field 00602nam a2200193 a 4500
001 - CONTROL NUMBER
control field :::00014384$&:&@@
003 - CONTROL NUMBER IDENTIFIER
control field OkBaRHE
005 - DATE AND TIME OF LATEST TRANSACTION
control field 20000830104109.0
008 - FIXED-LENGTH DATA ELEMENTS--GENERAL INFORMATION
fixed length control field s1956 j 000 0 eng u
040 ## - CATALOGING SOURCE
Transcribing agency
100 1# - MAIN ENTRY--PERSONAL NAME
Personal name Simeon, Charles.
245 10 - TITLE STATEMENT
Title Expository outlines on the whole Bible; vol. 14.
260 ## - PUBLICATION, DISTRIBUTION, ETC. (IMPRINT)
Place of publication, distribution, etc Grand Rapids, MI., :
Name of publisher, distributor, etc Zondervan Publishing House
Date of publication, distribution, etc 1956
300 ## - PHYSICAL DESCRIPTION
Extent 21 cm.
650 ## - SUBJECT ADDED ENTRY--TOPICAL TERM
Topical term or geographic name as entry element Bible
General subdivision Sermons
-- Outlines
650 ## - SUBJECT ADDED ENTRY--TOPICAL TERM
Topical term or geographic name as entry element Sermons
General subdivision Outlines
942 ## - ADDED ENTRY ELEMENTS (KOHA)
Source of classification or shelving scheme
Koha item type Books
Copies
Lost status Koha item type Full call number Not for loan Permanent Location Price effective from Shelving location Source of classification or shelving scheme Date acquired Date last seen Barcode Copy number Damaged status Withdrawn status
 BooksBS 511 .S533 RHEMA Bible Training College2010-04-14General Stacks 2010-04-142010-04-14143841